V zemi mustangů /

Main Author: Brand, Max, 1892-1944
Other Authors: Ulč, František, 1933-2010
Language: Czech
Published: Brno : Návrat, 2001
Series: Divoký západ. Knihovnička
Physical Description: 221 s. : il. ; 17 cm
Book
Saved in:
LEADER 01188nam a2200337 a 4500
001 000568875
003 CZ BrMZK
005 20120217103550.0
007 ta
008 010907s2001 xr a g 000 f cze d
015 |a cnb001007912 
020 |a 80-7174-418-2 
035 |a (OCoLC)50342001 
040 |a BOA001  |b cze 
041 1 |a cze  |h eng 
072 7 |a 821.111(73)-3  |x Americká próza  |2 Konspekt  |9 25 
080 |a 821.111(73)-31  |2 MRF 
080 |a (0:82-311.3)  |2 MRF 
100 1 |a Brand, Max,  |d 1892-1944  |7 jn19981000325  |4 aut 
245 1 0 |a V zemi mustangů /  |c Max Brand ; [z anglického originálu ... přeložil Aleš Pekárek ; ilustrace František Ulč] 
260 |a Brno :  |b Návrat,  |c 2001 
300 |a 221 s. :  |b il. ;  |c 17 cm 
490 1 |a Divoký západ. Knihovnička ;  |v 7 
655 7 |a americké romány  |7 fd131796  |2 czenas 
655 7 |a dobrodružné romány  |7 fd132061  |2 czenas 
700 1 |a Ulč, František,  |d 1933-2010  |7 jx20040618035  |4 ill 
765 0 |t Mustang herder  |9 Česky 
830 0 |a Divoký západ.  |p Knihovnička 
910 |a BOA001  |b 1-1089.231 
990 |a BK 
996 6 |b 2610141167  |c 1-1089.231  |l MZK  |r Sklad / do 1 hodiny  |n 2  |p p.v.  |w 000568875  |u 000010  |a 1  |e BOA001  |j MZK50  |s P